<?xml version="1.0" encoding="UTF-8"?>
<record
    xmlns:xsi="http://www.w3.org/2001/XMLSchema-instance"
    xsi:schemaLocation="http://www.loc.gov/MARC21/slim http://www.loc.gov/standards/marcxml/schema/MARC21slim.xsd"
    xmlns="http://www.loc.gov/MARC21/slim">

  <leader>00794nam a22001577a 4500</leader>
  <controlfield tag="003">OSt</controlfield>
  <controlfield tag="005">20151003111914.0</controlfield>
  <controlfield tag="008">151003b        xxu||||| |||| 00| 0 eng d</controlfield>
  <datafield tag="040" ind1=" " ind2=" ">
    <subfield code="c">RUA</subfield>
  </datafield>
  <datafield tag="082" ind1=" " ind2=" ">
    <subfield code="a">AVM KHI 1999 B071 Or.1</subfield>
  </datafield>
  <datafield tag="100" ind1=" " ind2=" ">
    <subfield code="9">1876</subfield>
    <subfield code="a">KHIEV, KANITH.</subfield>
  </datafield>
  <datafield tag="245" ind1=" " ind2=" ">
    <subfield code="a">Epidemiological survey of cysticercosis in pigs and fasciolosis in cattle in phnom penh in slaughter house, &#x1780;&#x17B6;&#x179A;&#x179F;&#x17B7;&#x1780;&#x17D2;&#x179F;&#x17B6;&#x1780;&#x17C6;&#x179A;&#x17B7;&#x178F;&#x179A;&#x17B6;&#x178F;&#x178F;&#x17D2;&#x1794;&#x17B6;&#x178F;&#x179A;&#x1794;&#x179F;&#x17CB;&#x1787;&#x17C6;&#x1784;&#x17BA;&#x1785;&#x17BB;&#x1784;&#x17A2;&#x1784;&#x17D2;&#x1780;&#x179A;&#x179B;&#x17BE;&#x179F;&#x178F;&#x17D2;&#x179C;&#x1787;&#x17D2;&#x179A;&#x17BC;&#x1780; &#x1793;&#x17B7;&#x1784; &#x1787;&#x17C6;&#x1784;&#x17BA;&#x178A;&#x1784;&#x17D2;&#x1780;&#x17BC;&#x179C;&#x1790;&#x17D2;&#x179B;&#x17BE;&#x1798;&#x1782;&#x17C4; &#x1780;&#x17D2;&#x179A;&#x1794;&#x17B8; &#x1793;&#x17C5;&#x179F;&#x178F;&#x17D2;&#x178F;&#x1783;&#x17B6;&#x178A;&#x178A;&#x17D2;&#x178B;&#x17B6;&#x1793;&#x1780;&#x17D2;&#x1793;&#x17BB;&#x1784;&#x179A;&#x17B6;&#x1787;&#x1792;&#x17B6;&#x1793;&#x17B8;&#x1797;&#x17D2;&#x1793;&#x17C6;&#x1796;&#x17C1;&#x1789;</subfield>
  </datafield>
  <datafield tag="260" ind1=" " ind2=" ">
    <subfield code="a">Phnom Penh</subfield>
    <subfield code="b">RUA</subfield>
    <subfield code="c">1999</subfield>
  </datafield>
  <datafield tag="300" ind1=" " ind2=" ">
    <subfield code="a">50p.</subfield>
    <subfield code="b">ill.</subfield>
    <subfield code="c">29cm.</subfield>
  </datafield>
  <datafield tag="942" ind1=" " ind2=" ">
    <subfield code="2">ddc</subfield>
    <subfield code="c">AVM</subfield>
  </datafield>
  <datafield tag="999" ind1=" " ind2=" ">
    <subfield code="c">1772</subfield>
    <subfield code="d">1772</subfield>
  </datafield>
  <datafield tag="952" ind1=" " ind2=" ">
    <subfield code="0">0</subfield>
    <subfield code="1">0</subfield>
    <subfield code="2">ddc</subfield>
    <subfield code="4">0</subfield>
    <subfield code="6">AVM_KHI_1999_000000000000000_B071_OR_1</subfield>
    <subfield code="7">0</subfield>
    <subfield code="9">7593</subfield>
    <subfield code="a">LBB</subfield>
    <subfield code="b">LBB</subfield>
    <subfield code="c">B071</subfield>
    <subfield code="d">2015-10-03</subfield>
    <subfield code="l">1</subfield>
    <subfield code="o">AVM KHI 1999 B071 Or.1</subfield>
    <subfield code="p">RUA007228</subfield>
    <subfield code="r">2017-11-11</subfield>
    <subfield code="s">2017-10-22</subfield>
    <subfield code="w">2015-10-03</subfield>
    <subfield code="y">AVM</subfield>
  </datafield>
</record>
